[Event "3. Open Internacional de Calviá"]
[Site "Calvia ESP"]
[Date "2006.10.26"]
[Round "7.12"]
[White "Dimakiling, Oliver"]
[Black "Wehmeier, Stefan"]
[Result "1/2-1/2"]
[WhiteElo "2476"]
[BlackElo "2400"]
[PlyCount "102"]
[EventDate "2006.10.20"]
[EventType "swiss"]
[EventRounds "9"]
[EventCountry "ESP"]
[Source "lmi"]
[SourceDate "2006.10.20"]

1. d4 d5 2. Nf3 Nf6 3. Nc3 Bf5 4. g3 h6 5. Bg2 e6 6. O-O Nbd7 7. Bf4 Bd6 8. Ne5
g5 9. Nxd7 gxf4 10. Ne5 fxg3 11. fxg3 c6 12. Nf3 Qe7 13. Nh4 Bg4 14. Qe1 e5 15.
e3 e4 16. Nf5 Bxf5 17. Rxf5 h5 18. Qe2 O-O-O 19. Raf1 Rh6 20. Bh3 Kb8 21. Qf2
Nh7 22. Bg2 f6 23. Ne2 Rg8 24. Kh1 Rg5 25. c4 h4 26. gxh4 Rxf5 27. Qxf5 Rxh4
28. Nf4 dxc4 29. h3 Qe8 30. Ne2 a6 31. Nc3 Ng5 32. Qxf6 Qe7 33. Qxe7 Bxe7 34.
Rf4 Nxh3 35. Rxh4 Nf2+ 36. Kg1 Bxh4 37. Kf1 Nd3 38. Nd1 c5 39. Bxe4 cxd4 40.
Bxd3 cxd3 41. exd4 Bf6 42. Ke1 Bxd4 43. Kd2 Kc7 44. Kxd3 Bf6 45. Kc4 Kc6 46. b3
Bg7 47. Nf2 Bf8 48. Ne4 Bg7 49. Ng5 b5+ 50. Kd3 Kd5 51. Ne4 Be5 1/2-1/2

[Event "3. Open Internacional de Calviá"]
[Site "Calvia ESP"]
[Date "2006.10.26"]
[Round "7.14"]
[White "Movsziszian, Karen"]
[Black "Das, Arghyadip"]
[Result "0-1"]
[WhiteElo "2456"]
[BlackElo "2373"]
[PlyCount "66"]
[EventDate "2006.10.20"]
[EventType "swiss"]
[EventRounds "9"]
[EventCountry "ESP"]
[Source "lmi"]
[SourceDate "2006.10.20"]

1. e4 c5 2. d3 Nc6 3. g3 g6 4. Bg2 Bg7 5. f4 d6 6. Nf3 Nf6 7. O-O O-O 8. Nc3
Rb8 9. h3 b5 10. g4 b4 11. Ne2 Nd7 12. Ng3 a5 13. Rb1 Nd4 14. Be3 Qc7 15. h4 a4
16. h5 a3 17. bxa3 Nb5 18. Qd2 Nxa3 19. Rbe1 Bc3 20. Qe2 Bxe1 21. Nxe1 Nb5 22.
f5 Ne5 23. Bh6 Re8 24. Bh3 c4 25. hxg6 fxg6 26. Nf3 cxd3 27. cxd3 Nc3 28. Qf2
Nxd3 29. Qd2 Ba6 30. g5 d5 31. Qh2 Qxg3+ 32. Qxg3 Ne2+ 33. Kg2 Ndf4+ 0-1

[Event "3. Open Internacional de Calviá"]
[Site "Calvia ESP"]
[Date "2006.10.26"]
[Round "7.15"]
[White "Manik, Mikulas"]
[Black "Zawadzka, Jolanta"]
[Result "1-0"]
[WhiteElo "2454"]
[BlackElo "2353"]
[PlyCount "58"]
[EventDate "2006.10.20"]
[EventType "swiss"]
[EventRounds "9"]
[EventCountry "ESP"]
[Source "lmi"]
[SourceDate "2006.10.20"]

1. e4 e5 2. Nf3 Nc6 3. Bb5 a6 4. Ba4 Nf6 5. O-O b5 6. Bb3 Bc5 7. c3 d6 8. d4
Bb6 9. Re1 Bg4 10. d5 Ne7 11. Nbd2 O-O 12. h3 Bd7 13. Nf1 c6 14. dxc6 Bxc6 15.
Ng3 h6 16. Nh4 d5 17. exd5 Nexd5 18. Rxe5 Qc7 19. Qe1 Nd7 20. Rxd5 Rae8 21. Be3
Bxd5 22. Bxd5 Bxe3 23. fxe3 Qc5 24. Qd2 Nb6 25. Bb3 Qxe3+ 26. Qxe3 Rxe3 27.
Ngf5 Re4 28. Ng6 Rfe8 29. Nd6 R8e6 1-0

[Event "3. Open Internacional de Calviá"]
[Site "Calvia ESP"]
[Date "2006.10.26"]
[Round "7.16"]
[White "Tattersall, Lester"]
[Black "Jones, Gawain C"]
[Result "0-1"]
[WhiteElo "2254"]
[BlackElo "2430"]
[PlyCount "64"]
[EventDate "2006.10.20"]
[EventType "swiss"]
[EventRounds "9"]
[EventCountry "ESP"]
[Source "lmi"]
[SourceDate "2006.10.20"]

1. Nf3 Nf6 2. g3 b5 3. a4 b4 4. c4 bxc3 5. Nxc3 Bb7 6. Bg2 c5 7. O-O e6 8. d4
cxd4 9. Nb5 Be7 10. Bf4 d6 11. Rc1 O-O 12. Nc7 e5 13. Bd2 Nbd7 14. Nxa8 Bxa8
15. b4 Nb6 16. a5 Nbd5 17. Qb3 Ne4 18. Qc2 Nxd2 19. Qxd2 Qb8 20. Ne1 Qb5 21.
Nd3 f5 22. Rfd1 Kh8 23. h4 Bf6 24. Re1 f4 25. gxf4 Bxh4 26. fxe5 dxe5 27. Rf1
Qe8 28. f4 Ne3 29. Bxa8 Qg6+ 30. Kh1 Bg3 31. Qxe3 dxe3 32. Bd5 e4 0-1

[Event "3. Open Internacional de Calviá"]
[Site "Calvia ESP"]
[Date "2006.10.26"]
[Round "7.17"]
[White "Heberla, Bartlomiej"]
[Black "Rivera, Daniel"]
[Result "1-0"]
[WhiteElo "2569"]
[BlackElo "2309"]
[PlyCount "63"]
[EventDate "2006.10.20"]
[EventType "swiss"]
[EventRounds "9"]
[EventCountry "ESP"]
[Source "lmi"]
[SourceDate "2006.10.20"]

1. e4 e6 2. d4 d5 3. Nc3 Nf6 4. e5 Nfd7 5. f4 c5 6. Nf3 Nc6 7. Be3 cxd4 8. Nxd4
Bc5 9. Qd2 a6 10. O-O-O O-O 11. Nb3 Bxe3 12. Qxe3 b5 13. Bd3 b4 14. Ne2 a5 15.
Qh3 h6 16. Bb5 Qc7 17. Bxc6 Qxc6 18. Nbd4 Qc7 19. Ng3 Nc5 20. Nh5 Ne4 21. Rhe1
a4 22. Rd3 b3 23. a3 Ba6 24. Rg3 Nxg3 25. Qxg3 g6 26. c3 Qc4 27. Nxe6 Rfc8 28.
Nf6+ Kh8 29. Qh4 Qxc3+ 30. bxc3 Rxc3+ 31. Kb2 Rc2+ 32. Kb1 1-0

[Event "3. Open Internacional de Calviá"]
[Site "Calvia ESP"]
[Date "2006.10.26"]
[Round "7.18"]
[White "Lanzani, Mario"]
[Black "Libiszewski, Fabien"]
[Result "0-1"]
[WhiteElo "2335"]
[BlackElo "2469"]
[PlyCount "66"]
[EventDate "2006.10.20"]
[EventType "swiss"]
[EventRounds "9"]
[EventCountry "ESP"]
[Source "lmi"]
[SourceDate "2006.10.20"]

1. e4 e6 2. d4 d5 3. Nc3 Nf6 4. e5 Nfd7 5. f4 c5 6. Nf3 Qb6 7. Be3 a6 8. a3 Qa7
9. Be2 Nc6 10. Qd2 cxd4 11. Nxd4 Bc5 12. O-O-O O-O 13. Rhe1 Ndb8 14. Na4 Bxd4
15. Bxd4 Nxd4 16. Qxd4 b5 17. Qxa7 Rxa7 18. Nc5 Rc7 19. Nb3 Bd7 20. Nd4 Rfc8
21. Bd3 Nc6 22. Nxc6 Rxc6 23. g4 b4 24. axb4 Rb6 25. b5 Bxb5 26. Bxb5 axb5 27.
Rd4 Rc4 28. Rxc4 bxc4 29. c3 Kf8 30. g5 f6 31. h4 fxg5 32. fxg5 Rb7 33. Rf1+
Rf7 0-1

[Event "3. Open Internacional de Calviá"]
[Site "Calvia ESP"]
[Date "2006.10.26"]
[Round "7.20"]
[White "Kutuzov, Denis"]
[Black "Laylo, Darwin"]
[Result "0-1"]
[WhiteElo "2315"]
[BlackElo "2448"]
[PlyCount "90"]
[EventDate "2006.10.20"]
[EventType "swiss"]
[EventRounds "9"]
[EventCountry "ESP"]
[Source "lmi"]
[SourceDate "2006.10.20"]

1. e4 d5 2. exd5 Nf6 3. d4 Bg4 4. f3 Bf5 5. g4 Bg6 6. c4 e6 7. Nc3 exd5 8. g5
Nh5 9. Nxd5 Bd6 10. Qe2+ Kf8 11. Nh3 Nc6 12. Be3 Qd7 13. Qd2 Re8 14. Kf2 b6 15.
Nhf4 Nxf4 16. Bxf4 Bxf4 17. Qxf4 h6 18. gxh6 Rxh6 19. Nf6 Qxd4+ 20. Qxd4 Nxd4
21. Nxe8 Kxe8 22. Rd1 c5 23. Bd3 f5 24. Rde1+ Kf7 25. Re5 Rh3 26. Be2 Kf6 27.
Rd5 Bh5 28. Kg2 Rh4 29. Bd1 Bf7 30. Rd7 Bxc4 31. Re1 g6 32. Rxa7 Kg5 33. b3 Bd5
34. Re5 Nc6 35. Rxd5 Nxa7 36. Be2 Nc6 37. Kg3 Nd4 38. Bd1 Ne6 39. Rd6 Nf4 40.
a3 Rh3+ 41. Kf2 Rxh2+ 42. Ke3 b5 43. a4 bxa4 44. bxa4 Ra2 45. Rc6 Nd5+ 0-1

[Event "3. Open Internacional de Calviá"]
[Site "Calvia ESP"]
[Date "2006.10.26"]
[Round "7.21"]
[White "Galiana, Juan Ramon"]
[Black "So, Wesley"]
[Result "0-1"]
[WhiteElo "2291"]
[BlackElo "2411"]
[PlyCount "102"]
[EventDate "2006.10.20"]
[EventType "swiss"]
[EventRounds "9"]
[EventCountry "ESP"]
[Source "lmi"]
[SourceDate "2006.10.20"]

1. e4 c5 2. Nf3 Nc6 3. d4 cxd4 4. Nxd4 Nf6 5. Nc3 e5 6. Ndb5 d6 7. Bg5 a6 8.
Na3 b5 9. Bxf6 gxf6 10. Nd5 f5 11. exf5 Bxf5 12. c3 Bg7 13. Nc2 Be6 14. a4 O-O
15. axb5 axb5 16. Rxa8 Qxa8 17. Bxb5 Nd4 18. Ne7+ Kh8 19. cxd4 Qa5+ 20. Qd2
Qxb5 21. d5 Bd7 22. Na3 Qa6 23. Qe2 Qa5+ 24. Qd2 Qa6 25. Qe2 Qa5+ 26. Qd2 Ra8
27. Nc6 Qxd2+ 28. Kxd2 Bxc6 29. dxc6 Rc8 30. b4 Rxc6 31. b5 Rb6 32. Rb1 d5 33.
Nc2 f5 34. Rb3 Bf8 35. f4 Bh6 36. g3 exf4 37. gxf4 Bxf4+ 38. Kd3 Kg7 39. Kd4
Kf6 40. Kxd5 Bxh2 41. Ne3 h5 42. Nc4 Rb8 43. b6 Rd8+ 44. Kc6 Kg5 45. b7 h4 46.
Ne3 Bb8 47. Rb5 Rd6+ 48. Kc5 Re6 49. Nc4 h3 50. Kd5 Re1 51. Nd2 Re5+ 0-1

[Event "3. Open Internacional de Calviá"]
[Site "Calvia ESP"]
[Date "2006.10.26"]
[Round "7.22"]
[White "Larino Nieto, David"]
[Black "Grant, Jonathan"]
[Result "1/2-1/2"]
[WhiteElo "2406"]
[BlackElo "2271"]
[PlyCount "154"]
[EventDate "2006.10.20"]
[EventType "swiss"]
[EventRounds "9"]
[EventCountry "ESP"]
[Source "lmi"]
[SourceDate "2006.10.20"]

1. g3 d5 2. Bg2 c5 3. d3 Nc6 4. Nd2 Nf6 5. e4 e5 6. Ne2 Be7 7. O-O O-O 8. h3
dxe4 9. dxe4 b6 10. Nc3 Ba6 11. Re1 Qd6 12. Nd5 Rad8 13. c3 Kh8 14. Qa4 Na5 15.
Nxe7 Qxe7 16. b4 cxb4 17. cxb4 Nc4 18. Qxa6 Nxd2 19. Re2 Qxb4 20. Ba3 Qd4 21.
Rc1 Rfe8 22. Kh2 Qd3 23. Qxd3 Rxd3 24. Bb4 Nf3+ 25. Bxf3 Rxf3 26. Rd1 Ng8 27.
Kg2 Rf6 28. Rc2 h5 29. Rd7 a6 30. Rcc7 Nh6 31. a4 Ree6 32. Be7 Rg6 33. Rc8+ Kh7
34. Rdd8 Rxg3+ 35. fxg3 Rxe7 36. Rd6 b5 37. a5 f5 38. Rxa6 fxe4 39. Rac6 e3 40.
a6 Rf7 41. Rc2 Nf5 42. R8c7 e2 43. Kf2 Rf6 44. R2c6 Rf8 45. Rc1 Nd4+ 46. Ke3
Rf3+ 47. Kd2 Ra3 48. R7c3 Rxa6 49. Re3 Ra2+ 50. Ke1 Nc2+ 51. Rxc2 Rxc2 52. Rxe5
g6 53. Rxb5 Rc3 54. Rg5 Re3 55. h4 Re4 56. Ra5 Kg7 57. Ra6 Re3 58. Ra4 Rxg3 59.
Kxe2 Rg4 60. Rxg4 hxg4 61. Ke3 Kh6 62. Kf4 Kh5 63. Kg3 g5 64. hxg5 Kxg5 65. Kg2
Kf4 66. Kf2 g3+ 67. Kg2 Kg4 68. Kg1 Kf5 69. Kg2 Kf4 70. Kg1 Kg5 71. Kg2 Kh4 72.
Kg1 Kh3 73. Kh1 Kg4 74. Kg2 Kf4 75. Kg1 Kf3 76. Kf1 g2+ 77. Kg1 Kg3 1/2-1/2

[Event "3. Open Internacional de Calviá"]
[Site "Calvia ESP"]
[Date "2006.10.26"]
[Round "7.23"]
[White "Rendle, Thomas"]
[Black "Janse, Paul"]
[Result "1/2-1/2"]
[WhiteElo "2382"]
[BlackElo "2189"]
[PlyCount "25"]
[EventDate "2006.10.20"]
[EventType "swiss"]
[EventRounds "9"]
[EventCountry "ESP"]
[Source "lmi"]
[SourceDate "2006.10.20"]

1. e4 c5 2. Nf3 e6 3. b3 Nf6 4. e5 Nd5 5. Bb2 Nc6 6. c4 Nde7 7. Nc3 d6 8. exd6
Nf5 9. Ne4 Bxd6 10. g3 Be7 11. Qb1 b6 12. Bg2 Bb7 13. O-O 1/2-1/2

[Event "3. Open Internacional de Calviá"]
[Site "Calvia ESP"]
[Date "2006.10.26"]
[Round "7.24"]
[White "Borges Mateos, Juan"]
[Black "Vianello, Enrico"]
[Result "1-0"]
[WhiteElo "2431"]
[BlackElo "2164"]
[PlyCount "113"]
[EventDate "2006.10.20"]
[EventType "swiss"]
[EventRounds "9"]
[EventCountry "ESP"]
[Source "lmi"]
[SourceDate "2006.10.20"]

1. Nf3 d5 2. d4 Nc6 3. c4 Bg4 4. Nc3 e6 5. Qa4 Qd7 6. e3 Bxf3 7. gxf3 Nf6 8.
Bd2 Be7 9. f4 O-O 10. Bg2 Rfd8 11. O-O Bf8 12. Rac1 Ne7 13. Qxd7 Rxd7 14. cxd5
exd5 15. Bh3 Rdd8 16. Na4 Ne4 17. Rfd1 Nxd2 18. Rxd2 c6 19. Nc5 Rab8 20. Rd3
Nc8 21. Bxc8 Rdxc8 22. Nd7 Ra8 23. Kg2 f6 24. Nxf8 Kxf8 25. h4 Rc7 26. b4 a6
27. a4 Ke7 28. Kf3 Kd6 29. Rb3 Re8 30. Rg1 Ke6 31. Rc3 Kd6 32. h5 Ke6 33. Rcc1
Kf5 34. b5 axb5 35. axb5 Ree7 36. Rc5 Ke6 37. h6 gxh6 38. bxc6 bxc6 39. Rh1 Rg7
40. Rxh6 Rg1 41. Rh5 Kd6 42. f5 Rf7 43. Rh6 Rf1 44. Rc2 Ra1 45. Rb2 Ra8 46. Kf4
Kc7 47. f3 Ra3 48. Rbh2 Re7 49. Rxh7 Raxe3 50. R2h6 Kd7 51. Rxe7+ Rxe7 52. Rxf6
Re1 53. Rf7+ Kd6 54. f6 Rd1 55. Kf5 Rxd4 56. Rf8 c5 57. Rd8+ 1-0

[Event "3. Open Internacional de Calviá"]
[Site "Calvia ESP"]
[Date "2006.10.26"]
[Round "7.25"]
[White "Aaberg, Anton"]
[Black "Moreto Quintana, Alex"]
[Result "1-0"]
[WhiteElo "2393"]
[BlackElo "2162"]
[PlyCount "67"]
[EventDate "2006.10.20"]
[EventType "swiss"]
[EventRounds "9"]
[EventCountry "ESP"]
[Source "lmi"]
[SourceDate "2006.10.20"]

1. d4 f5 2. c4 Nf6 3. g3 g6 4. Bg2 Bg7 5. Nf3 O-O 6. O-O d6 7. Nc3 e6 8. b3 Nc6
9. Bb2 a5 10. d5 Nb4 11. dxe6 Bxe6 12. Nd4 Bc8 13. a3 Na6 14. b4 axb4 15. axb4
Rb8 16. Rxa6 c5 17. bxc5 dxc5 18. Rxf6 Bxf6 19. Bd5+ Kh8 20. Ndb5 Qe7 21. e3
Qg7 22. Qb3 g5 23. Na4 b6 24. Bxf6 Rxf6 25. Nac3 h5 26. Ra1 Rh6 27. Ra7 Qe5 28.
Ne2 Rh7 29. f4 Qf6 30. fxg5 Qxg5 31. Qc3+ Rg7 32. Qe5 Rbb7 33. Bxb7 Bxb7 34.
Rxb7 1-0

[Event "3. Open Internacional de Calviá"]
[Site "Calvia ESP"]
[Date "2006.10.26"]
[Round "7.26"]
[White "Ziska, Helgi Dam"]
[Black "Torres Tur, Juan"]
[Result "1-0"]
[WhiteElo "2364"]
[BlackElo "2154"]
[PlyCount "49"]
[EventDate "2006.10.20"]
[EventType "swiss"]
[EventRounds "9"]
[EventCountry "ESP"]
[Source "lmi"]
[SourceDate "2006.10.20"]

1. e4 c5 2. Nc3 Nc6 3. Nf3 d6 4. d4 cxd4 5. Nxd4 Nf6 6. Bg5 Qa5 7. Bxf6 exf6 8.
Nb3 Qd8 9. Bc4 Be7 10. f4 Be6 11. Bxe6 fxe6 12. Qg4 Kf7 13. O-O-O a6 14. f5
exf5 15. exf5 Re8 16. Qc4+ Kf8 17. Nd4 Nxd4 18. Rxd4 Rc8 19. Qb3 Qa5 20. Nd5
Rc5 21. Nf4 Rxf5 22. Ne6+ Kf7 23. Ng5+ Kg6 24. Qf7+ Kxg5 25. Qxg7+ 1-0

[Event "3. Open Internacional de Calviá"]
[Site "Calvia ESP"]
[Date "2006.10.26"]
[Round "7.27"]
[White "Fokin, Sergey"]
[Black "Mareco, Sandro"]
[Result "1-0"]
[WhiteElo "2157"]
[BlackElo "2335"]
[PlyCount "123"]
[EventDate "2006.10.20"]
[EventType "swiss"]
[EventRounds "9"]
[EventCountry "ESP"]
[Source "lmi"]
[SourceDate "2006.10.20"]

1. d4 d5 2. c4 Nc6 3. Nf3 Bg4 4. cxd5 Bxf3 5. gxf3 Qxd5 6. e3 e5 7. Nc3 Bb4 8.
Bd2 Bxc3 9. bxc3 Qd6 10. Qb3 Rb8 11. Rg1 g6 12. d5 Nce7 13. c4 c5 14. Qa4+ Kf8
15. Qxa7 Nh6 16. Rb1 b6 17. Bc3 f6 18. Bh3 Kg7 19. Qd7 Nf7 20. Ke2 Rhd8 21. Qb5
Qc7 22. a4 Qa7 23. Bf1 Nd6 24. Qb3 Ra8 25. Ra1 Nxc4 26. Qxc4 Nxd5 27. Bd2 b5
28. Qc2 c4 29. Bh3 c3 30. Bxc3 Qc5 31. Rgc1 Qc4+ 32. Ke1 Qh4 33. Bf1 Rac8 34.
Qb2 Nxe3 35. Ba5 Rd1+ 36. Rxd1 Rc2 37. Rd7+ Kh8 38. Rd8+ Kg7 39. Rd7+ Kh8 40.
Rd2 Rxb2 41. Rxb2 Nxf1 42. Kxf1 Qxh2 43. Ke2 e4 44. axb5 Qe5 45. Raa2 exf3+ 46.
Kxf3 Qf5+ 47. Ke3 Qe5+ 48. Kd3 Qd5+ 49. Kc2 Qc4+ 50. Kb1 Qf1+ 51. Kc2 Qc4+ 52.
Bc3 Qe2+ 53. Kc1 Qc4 54. Ra3 Qf1+ 55. Kc2 Qe2+ 56. Bd2 Qc4+ 57. Rc3 Qa4+ 58.
Rbb3 Qa2+ 59. Kd3 h5 60. b6 Qa6+ 61. Rc4 Qb7 62. Kc2 1-0

[Event "3. Open Internacional de Calviá"]
[Site "Calvia ESP"]
[Date "2006.10.26"]
[Round "7.28"]
[White "Oliver Serrano, Angel"]
[Black "Bogza, Adina-Maria"]
[Result "0-1"]
[WhiteElo "2153"]
[BlackElo "2308"]
[PlyCount "56"]
[EventDate "2006.10.20"]
[EventType "swiss"]
[EventRounds "9"]
[EventCountry "ESP"]
[Source "lmi"]
[SourceDate "2006.10.20"]

1. e4 d6 2. d4 Nf6 3. Nc3 g6 4. Be2 Bg7 5. h4 h5 6. Nh3 Bg4 7. f3 Bxh3 8. Rxh3
Nbd7 9. Be3 a6 10. Qd2 e5 11. O-O-O exd4 12. Bxd4 O-O 13. Kb1 b5 14. Rhh1 Re8
15. g4 hxg4 16. h5 gxh5 17. Rdg1 c5 18. Be3 b4 19. Bh6 Ne5 20. Bxg7 Kxg7 21.
fxg4 bxc3 22. gxh5+ Kf8 23. Qh6+ Ke7 24. Rf1 Nxe4 25. Rf5 Qa5 26. Rd1 cxb2 27.
Rxe5+ dxe5 28. Rd7+ Kxd7 0-1

[Event "3. Open Internacional de Calviá"]
[Site "Calvia ESP"]
[Date "2006.10.26"]
[Round "7.29"]
[White "Rhein, Klaus"]
[Black "Habibi, Ali"]
[Result "0-1"]
[WhiteElo "2082"]
[BlackElo "2298"]
[PlyCount "56"]
[EventDate "2006.10.20"]
[EventType "swiss"]
[EventRounds "9"]
[EventCountry "ESP"]
[Source "lmi"]
[SourceDate "2006.10.20"]

1. e4 c5 2. Nc3 g6 3. f4 Bg7 4. Nf3 Nc6 5. Bc4 e6 6. f5 Nge7 7. fxe6 dxe6 8.
O-O a6 9. a4 O-O 10. d3 h6 11. Qe1 Nd4 12. Nxd4 cxd4 13. Ne2 Nc6 14. Qg3 Qe7
15. Bd2 Kh7 16. Rae1 e5 17. c3 Be6 18. Bxe6 fxe6 19. Qh3 dxc3 20. Bxc3 Rad8 21.
Rxf8 Rxf8 22. Qe3 Qd7 23. Rd1 Nd4 24. a5 Qa4 25. Qd2 h5 26. Bxd4 exd4 27. Rc1
Bh6 28. Rc7+ Kg8 0-1

[Event "3. Open Internacional de Calviá"]
[Site "Calvia ESP"]
[Date "2006.10.26"]
[Round "7.30"]
[White "Gonzalez Arribas, Vidal Alejand"]
[Black "Tate, Alan"]
[Result "1-0"]
[WhiteElo "2297"]
[BlackElo "2052"]
[PlyCount "47"]
[EventDate "2006.10.20"]
[EventType "swiss"]
[EventRounds "9"]
[EventCountry "ESP"]
[Source "lmi"]
[SourceDate "2006.10.20"]

1. c4 e5 2. Nc3 Bb4 3. g3 Bxc3 4. bxc3 d6 5. Bg2 Nc6 6. Rb1 Nge7 7. Nf3 O-O 8.
O-O b6 9. Qc2 Bd7 10. d4 Ng6 11. c5 bxc5 12. dxe5 Ngxe5 13. Nxe5 Nxe5 14. Bxa8
Qxa8 15. f3 Bh3 16. Re1 Qc6 17. Bf4 Nc4 18. Qb3 Nb6 19. e4 a6 20. Qd1 Be6 21.
Qe2 Qa4 22. Bxd6 cxd6 23. Rxb6 Bc4 24. Qd2 1-0

[Event "3. Open Internacional de Calviá"]
[Site "Calvia ESP"]
[Date "2006.10.26"]
[Round "7.31"]
[White "Serrano Bozada, Esteban"]
[Black "Rodriguez Lopez, Rafael"]
[Result "1/2-1/2"]
[WhiteElo "2073"]
[BlackElo "2289"]
[PlyCount "69"]
[EventDate "2006.10.20"]
[EventType "swiss"]
[EventRounds "9"]
[EventCountry "ESP"]
[Source "lmi"]
[SourceDate "2006.10.20"]

1. e4 c5 2. Nf3 Nc6 3. c3 Nf6 4. e5 Nd5 5. d4 cxd4 6. cxd4 d6 7. Bc4 Nb6 8. Bb5
d5 9. O-O Bd7 10. h3 Nxe5 11. Nxe5 Bxb5 12. Qf3 f6 13. Qh5+ g6 14. Nxg6 hxg6
15. Qxh8 Bxf1 16. Kxf1 Qc7 17. Nd2 Qc2 18. Kg1 Kf7 19. Qh4 Rc8 20. Nf1 Nc4 21.
Qh7+ Bg7 22. Bh6 Rg8 23. Re1 Qxb2 24. Bxg7 Rxg7 25. Rxe7+ Kxe7 26. Qxg7+ Ke6
27. Qg8+ Kd6 28. Qf8+ Ke6 29. Qe8+ Kd6 30. Qb8+ Ke6 31. Qe8+ Kd6 32. Qd8+ Ke6
33. Qg8+ Kd6 34. Qd8+ Ke6 35. Qg8+ 1/2-1/2

[Event "3. Open Internacional de Calviá"]
[Site "Calvia ESP"]
[Date "2006.10.26"]
[Round "7.32"]
[White "Barcelo, Pedro"]
[Black "Canyelles Frau, Josep"]
[Result "0-1"]
[WhiteElo "2261"]
[BlackElo "2080"]
[PlyCount "108"]
[EventDate "2006.10.20"]
[EventType "swiss"]
[EventRounds "9"]
[EventCountry "ESP"]
[Source "lmi"]
[SourceDate "2006.10.20"]

1. Nf3 d5 2. d4 Nf6 3. g3 c5 4. c4 e6 5. Bg2 Nc6 6. O-O dxc4 7. Qa4 Bd7 8. Qxc4
b5 9. Qd3 Rc8 10. Nc3 c4 11. Qc2 Qb6 12. e4 b4 13. Ne2 Be7 14. Be3 Ng4 15. Bf4
b3 16. axb3 cxb3 17. Qd1 Na5 18. h3 Nf6 19. Ne5 Bb5 20. Re1 O-O 21. Bd2 Bxe2
22. Rxe2 Nc4 23. Nxc4 Rxc4 24. Bc3 Bb4 25. Qxb3 Rfc8 26. Re3 a5 27. Bf1 R4c7
28. Ra4 Qc6 29. Bxb4 axb4 30. Bg2 Qc1+ 31. Kh2 Rc2 32. Rxb4 Rxf2 33. Rc3 Rxg2+
34. Kxg2 Qd2+ 35. Kf3 Rd8 36. Rb8 Qxd4 37. Rxd8+ Qxd8 38. Qc2 Ne8 39. Qd3 Qf6+
40. Kg2 g6 41. b4 Qe5 42. Rc8 Qb2+ 43. Kf3 Qf6+ 44. Ke2 Qe7 45. Qb5 Kf8 46. Qc5
Qxc5 47. bxc5 Ke7 48. Kd3 Kd7 49. Ra8 e5 50. Kc4 Nc7 51. g4 Nxa8 52. Kd5 f6 53.
c6+ Kc7 54. Kc5 Nb6 0-1

[Event "3. Open Internacional de Calviá"]
[Site "Calvia ESP"]
[Date "2006.10.26"]
[Round "7.33"]
[White "Ehsan, Ali"]
[Black "Coimbra, Margarida"]
[Result "1/2-1/2"]
[WhiteElo "2236"]
[BlackElo "2047"]
[PlyCount "108"]
[EventDate "2006.10.20"]
[EventType "swiss"]
[EventRounds "9"]
[EventCountry "ESP"]
[Source "lmi"]
[SourceDate "2006.10.20"]

1. e4 e5 2. Nf3 Nc6 3. Bc4 Bc5 4. b4 Bxb4 5. c3 Ba5 6. d4 d6 7. Qb3 Qd7 8. O-O
Bb6 9. dxe5 Na5 10. Qb4 Nxc4 11. Qxc4 Qe6 12. Qxe6+ Bxe6 13. exd6 cxd6 14. Nd4
Nf6 15. Re1 O-O 16. Bf4 d5 17. exd5 Bxd5 18. Nd2 Rac8 19. Be5 Rfe8 20. Nf5 Bc5
21. Nb3 Bxb3 22. axb3 Ng4 23. Bd4 Bxd4 24. cxd4 Rxe1+ 25. Rxe1 Kf8 26. f3 Nf6
27. Kf2 g6 28. Nd6 Rd8 29. Nxb7 Rxd4 30. Ke3 Rb4 31. Nc5 Nd5+ 32. Kd2 Rb5 33.
Rc1 Ke7 34. Rc4 f5 35. Kd3 Kd6 36. Kd4 Nf4 37. b4 Nxg2 38. Kc3 a5 39. Nd3 axb4+
40. Nxb4 Rc5 41. Nd3 Rxc4+ 42. Kxc4 Nh4 43. f4 Nf3 44. h3 h6 45. Nf2 g5 46.
fxg5 hxg5 47. Kd3 Ke5 48. Ke3 Ne1 49. Ke2 Nc2 50. Kf3 Nd4+ 51. Kg3 Kd5 52. h4
g4 53. Nxg4 fxg4 54. h5 Nf5+ 1/2-1/2

[Event "3. Open Internacional de Calviá"]
[Site "Calvia ESP"]
[Date "2006.10.26"]
[Round "7.36"]
[White "Leskovar, Mario"]
[Black "Fernandez Lozano, Francesc"]
[Result "1-0"]
[WhiteElo "2373"]
[BlackElo "2074"]
[PlyCount "75"]
[EventDate "2006.10.20"]
[EventType "swiss"]
[EventRounds "9"]
[EventCountry "ESP"]
[Source "lmi"]
[SourceDate "2006.10.20"]

1. e4 g6 2. d4 Bg7 3. Nf3 d6 4. Be2 a6 5. O-O Nd7 6. Re1 c5 7. c3 h6 8. a4 b6
9. Bf4 Bb7 10. d5 g5 11. Bg3 Ne5 12. Nbd2 Ng6 13. Nc4 Nf6 14. e5 dxe5 15. Nfxe5
Nxe5 16. Bxe5 O-O 17. d6 e6 18. a5 Nd7 19. Bxg7 Kxg7 20. axb6 Nxb6 21. Na5 Rb8
22. b4 cxb4 23. Qd4+ Kg8 24. Nxb7 Rxb7 25. c4 e5 26. Qxe5 Re8 27. Qd4 Rbe7 28.
c5 Re4 29. Qd2 Qf6 30. Rac1 Rd4 31. Qa2 Nc8 32. Bxa6 Nxd6 33. cxd6 Rxe1+ 34.
Rxe1 Qxd6 35. Bc4 Qf4 36. Bb3 Rd2 37. Qa8+ Kg7 38. Qf3 1-0

[Event "3. Open Internacional de Calviá"]
[Site "Calvia ESP"]
[Date "2006.10.26"]
[Round "7.38"]
[White "Ruprich, Udo"]
[Black "Pechy, Alaster"]
[Result "1-0"]
[WhiteElo "2035"]
[BlackElo "2176"]
[PlyCount "47"]
[EventDate "2006.10.20"]
[EventType "swiss"]
[EventRounds "9"]
[EventCountry "ESP"]
[Source "lmi"]
[SourceDate "2006.10.20"]

1. e4 d6 2. Nf3 Nf6 3. Nc3 e5 4. h3 Be7 5. d4 Nbd7 6. Bc4 O-O 7. O-O c6 8. a4
b6 9. Qe2 a6 10. Rd1 Qc7 11. Bg5 Bb7 12. Nh4 b5 13. axb5 axb5 14. Rxa8 Rxa8 15.
dxe5 dxe5 16. Nf5 Bf8 17. Bb3 h6 18. Rxd7 Qxd7 19. Bxf6 gxf6 20. Qh5 Kh8 21.
Bxf7 Qd2 22. h4 Ra1+ 23. Kh2 Qxf2 24. Ne2 1-0

[Event "3. Open Internacional de Calviá"]
[Site "Calvia ESP"]
[Date "2006.10.26"]
[Round "7.39"]
[White "Rautanen, Sari"]
[Black "Linik, Yaron"]
[Result "0-1"]
[WhiteElo "1925"]
[BlackElo "2150"]
[PlyCount "48"]
[EventDate "2006.10.20"]
[EventType "swiss"]
[EventRounds "9"]
[EventCountry "ESP"]
[Source "lmi"]
[SourceDate "2006.10.20"]

1. Nf3 Nf6 2. g3 g6 3. Bg2 Bg7 4. O-O O-O 5. d3 d5 6. Nbd2 c5 7. e4 Nc6 8. exd5
Nxd5 9. d4 cxd4 10. Nb3 d3 11. Qxd3 Bf5 12. Qd1 Ndb4 13. Qxd8 Rfxd8 14. c3 Nc2
15. Rb1 Bd3 16. Rd1 Ne1 17. Ra1 Nxg2 18. Kxg2 Be4 19. Bf4 g5 20. Bxg5 Ne5 21.
Nbd4 Rxd4 22. Rxd4 Bxf3+ 23. Kh3 h5 24. Bxe7 Nc6 0-1

[Event "3. Open Internacional de Calviá"]
[Site "Calvia ESP"]
[Date "2006.10.26"]
[Round "7.40"]
[White "Guennoun, Anthony"]
[Black "Haraldsson, Leif"]
[Result "1-0"]
[WhiteElo "2122"]
[BlackElo "2047"]
[PlyCount "67"]
[EventDate "2006.10.20"]
[EventType "swiss"]
[EventRounds "9"]
[EventCountry "ESP"]
[Source "lmi"]
[SourceDate "2006.10.20"]

1. e4 e5 2. Nf3 Qe7 3. Nc3 c6 4. d4 d6 5. Be3 Nf6 6. h3 h6 7. Qd2 Nbd7 8. O-O-O
g5 9. Bd3 Bg7 10. Ne2 Nb6 11. dxe5 dxe5 12. Qa5 Nfd7 13. Ng3 f6 14. Nf5 Qf8 15.
c4 Rb8 16. c5 Na8 17. Nd6+ Ke7 18. Qxa7 Nc7 19. Nf5+ Kf7 20. Bc4+ Kg6 21. Qa5
Na6 22. Rd6 b6 23. cxb6 c5 24. Bxa6 Ra8 25. b7 Bxb7 26. Rxd7 Rxa6 27. Rxg7+
Qxg7 28. Qxa6 Bxa6 29. Nxg7 Kxg7 30. Bxc5 Bb7 31. Nd2 Ra8 32. a3 f5 33. f3 fxe4
34. Nxe4 1-0